000 00362nam a2200157Ia 4500
008 230917s9999||||xx |||||||||||||| ||und||
040 _e108118
_aMAIN
041 _aEnglish
082 _a658.4092 S15L
100 _aSadler, Philip
245 0 _aLeadership
250 _a2nd ed.
260 _aNew Delhi
_bKogan Page
_c2004
300 _a195p p.
942 _cBK
999 _c120418
_d120418